Sports Quiz

Random Sports or Football Quiz

Top XIs: İstanbulspor in Süper Lig (1995-2005) Quiz Stats

Quiz not verified by Sporcle

Challenge
Share
Tweet
Embed
Score 0/120 Timer 12:00
0 Plays Today
Hint Answer % Correct
97-98 (4th) 😎Aykut Kocaman
90.5%
97-98 (4th) 😎Sergen Yalçın
85.7%
96-97 (6th)Oğuz Çetin
76.2%
97-98 (4th) 😎Zdravko Zdravkov
76.2%
97-98 (4th) 😎Oğuz Çetin
76.2%
98-99 (9th)Zdravko Zdravkov
76.2%
00-01 (12th)Zdravko Zdravkov
76.2%
01-02 (9th)Zdravko Zdravkov
76.2%
02-03 (9th)Alioum Boukar
76.2%
98-99 (9th)Mehmet Yozgatlı
71.4%
01-02 (9th)Mehmet Yozgatlı
71.4%
02-03 (9th)Uche Okechukwu
71.4%
02-03 (9th)Mehmet Yozgatlı
71.4%
03-04 (15th)Uche Okechukwu
71.4%
03-04 (15th)Pini Balili
71.4%
03-04 (15th)Elvir Bolic
71.4%
97-98 (4th) 😎Sead Halilagic
66.7%
98-99 (9th)Sead Halilagic
66.7%
99-00 (15th)Alioum Saidou
66.7%
00-01 (12th)Alioum Saidou
66.7%
00-01 (12th)Murat Erdoğan
66.7%
01-02 (9th)Alioum Saidou
66.7%
01-02 (9th)Murat Erdoğan
66.7%
02-03 (9th)Alioum Saidou
66.7%
03-04 (15th)Alioum Saidou
66.7%
95-96 (13th)Saffet Akyüz
61.9%
96-97 (6th)Saffet Akyüz
61.9%
97-98 (4th) 😎Emre Aşık
61.9%
97-98 (4th) 😎Saffet Akyüz
61.9%
98-99 (9th)Emre Aşık
61.9%
98-99 (9th)Saffet Akyüz
61.9%
99-00 (15th)Emre Aşık
61.9%
01-02 (9th)Selçuk Şahin
61.9%
01-02 (9th)Aykut Kocaman
61.9%
02-03 (9th)Selçuk Şahin
61.9%
02-03 (9th)Aykut Kocaman
61.9%
03-04 (15th)Aykut Kocaman
61.9%
95-96 (13th)Nesim Özgür
57.1%
96-97 (6th)Nesim Özgür
57.1%
97-98 (4th) 😎Nesim Özgür
57.1%
Hint Answer % Correct
98-99 (9th)Ahmet Yıldırım
57.1%
98-99 (9th)Nesim Özgür
57.1%
01-02 (9th)Saffet Akbaş
57.1%
02-03 (9th)Saffet Akbaş
57.1%
02-03 (9th)Cenk İşler
57.1%
03-04 (15th)Oğuz Dağlaroğlu
57.1%
03-04 (15th)Cem Can
57.1%
04-05 (17th) 😢Oğuz Dağlaroğlu
57.1%
04-05 (17th) 😢Yalçın Ayhan
57.1%
04-05 (17th) 😢Saffet Akbaş
57.1%
04-05 (17th) 😢Abdullah Ercan
57.1%
04-05 (17th) 😢Cem Can
57.1%
95-96 (13th)Fuat Buruk
52.4%
96-97 (6th)Fuat Buruk
52.4%
97-98 (4th) 😎Fuat Buruk
52.4%
98-99 (9th)Ivaylo Petkov
52.4%
99-00 (15th)Fuat Buruk
52.4%
99-00 (15th)Ivaylo Petkov
52.4%
00-01 (12th)Emrah Eren
52.4%
00-01 (12th)Ivaylo Petkov
52.4%
00-01 (12th)Bülent Üçüncü
52.4%
01-02 (9th)Ivaylo Petkov
52.4%
01-02 (9th)Bülent Üçüncü
52.4%
02-03 (9th)Ivaylo Petkov
52.4%
03-04 (15th)Aleksandar Yordanov
52.4%
04-05 (17th) 😢Aleksandar Yordanov
52.4%
95-96 (13th)Hamza Hamzaoğlu
47.6%
96-97 (6th)Hamza Hamzaoğlu
47.6%
96-97 (6th)Neumann/Susic
47.6%
97-98 (4th) 😎Hamza Hamzaoğlu
47.6%
97-98 (4th) 😎Safet Susic
47.6%
98-99 (9th)Hamza Hamzaoğlu
47.6%
98-99 (9th)Safet Susic
47.6%
99-00 (15th)Recep Çetin
47.6%
00-01 (12th)Recep Çetin
47.6%
95-96 (13th)Atakan Sancarbarlas
42.9%
96-97 (6th)Gökhan Keskin
42.9%
96-97 (6th)Engin Özdemir
42.9%
97-98 (4th) 😎Engin Özdemir
42.9%
99-00 (15th)Sertan Eser
42.9%
Hint Answer % Correct
00-01 (12th)Sertan Eser
42.9%
04-05 (17th) 😢Tok/Omerovic
42.9%
95-96 (13th)Fahrudin Omerovic
38.1%
95-96 (13th)John van den Brom
38.1%
95-96 (13th)Beenhakker/Neumann
38.1%
96-97 (6th)Fahrudin Omerovic
38.1%
96-97 (6th)Gerson Caçapa
38.1%
99-00 (15th)Haluk Güngör
38.1%
99-00 (15th)Ziya Doğan
38.1%
03-04 (15th)Serhat Akyüz
38.1%
03-04 (15th)Faruk Bayar
38.1%
04-05 (17th) 😢Serhat Akyüz
38.1%
04-05 (17th) 😢Faruk Bayar
38.1%
95-96 (13th)Marian Zeman
33.3%
95-96 (13th)Şenol Yavaş
33.3%
96-97 (6th)Marian Zeman
33.3%
00-01 (12th)Alban Bushi
33.3%
00-01 (12th)Metin Türel
33.3%
02-03 (9th)Musa Kuş
33.3%
03-04 (15th)Musa Kuş
33.3%
03-04 (15th)Aytekin Viduşlu
33.3%
04-05 (17th) 😢Musa Büyük
33.3%
04-05 (17th) 😢Musa Kuş
33.3%
04-05 (17th) 😢Aytekin Viduşlu
33.3%
95-96 (13th)İlkan Aksoy
28.6%
98-99 (9th)Mithat Yavaş
28.6%
99-00 (15th)İlkan Aksoy
28.6%
99-00 (15th)Zeki Önatlı
28.6%
99-00 (15th)Mithat Yavaş
28.6%
00-01 (12th)Bekir Gür
28.6%
01-02 (9th)Zeki Önatlı
28.6%
01-02 (9th)Güven Kocabal
28.6%
02-03 (9th)Bekir Gür
28.6%
02-03 (9th)Güven Kocabal
28.6%
98-99 (9th)Timur Yanyalı
23.8%
99-00 (15th)Timur Yanyalı
23.8%
00-01 (12th)Gerino Santos Moura
23.8%
01-02 (9th)Niyazi Hüseyinoğlu
23.8%
95-96 (13th)Kamil Ustaömer
19%
96-97 (6th)Kamil Ustaömer
19%

You're not logged in!

Compare scores with friends on all Sporcle quizzes.
Sign Up with Email
OR
Log In

You Might Also Like...

Show Comments

Extras

Top Quizzes Today


Score Distribution

Your Account Isn't Verified!

In order to create a playlist on Sporcle, you need to verify the email address you used during registration. Go to your Sporcle Settings to finish the process.

Report this User

Report this user for behavior that violates our Community Guidelines.

Details: